00771cam a22002175a 450000500170000000800410001701000140005802000250007203500130009703700150011004000180012508200140014310000200015724500750017726000440025227001050029630000270040160000610042865000310048971000330052020081020032651.0081003s2008 ii ab b 001 0 eng  aENG-92618 a9788175346666c95.00 aEN-76151 bDBAD / PUB adplbEnglish  a342.54092 aKirby, Michael  aH.M. Seervai:cby Michael Kirby bDoyen of Indian Constitutional Law / aDelhi bUniversal Law Publishing c2008 aC-FF-1A, Dilkhush Indusstria Estate, (Opp. Hans Cinema, Azadpur) G.T. Karnal Road, bDelhi e110033 avii, 71p. c22cm (pbk) aSeervai, H.M. (Hormasji Maneckji), 1906-1996xBiography. aConstitutional lawzIndia. aGeological Society of India.